000 01376cam a2200133 4500500
005 20260329082441.0
041 _afre
042 _adc
100 1 0 _aPadberg-Jeanjean, Gabriele
_eauthor
245 0 0 _aDeutschland - Grundwissen und mehr ... : Connaître et comprendre l'Allemagne
260 _bArmand Colin,
_c2018.
520 _aComprendre et connaître l’Allemagne d’aujourd’hui, telle est l’ambition de cet ouvrage. Rédigé dans un allemand contemporain, accessible, complété par des points de vocabulaire et des synthèses en français, ce manuel présente la civilisation allemande en trois axes : • les grands repères historiques et culturels ; • les structures politiques, sociales et économiques ; • les principaux débats actuels. L’ouvrage intègre la dimension interculturelle franco-allemande et contient de nombreux documents (tableaux, cartes et photos), ainsi que des annexes qui facilitent le travail et l’apprentissage autonome. Destiné plus particulièrement aux élèves des classes préparatoires, aux étudiants en LEA et LCE, ce livre s’adresse aussi à tous ceux qui s’intéressent à la langue et la culture allemandes. Cette deuxième édition a été entièrement revue et mise à jour.
856 4 1 _uhttps://shs.cairn.info/deutschland-grundwissen-und-mehr--9782200623555?lang=fr&redirect-ssocas=7080
999 _c2028749
_d2028749